000 00768nam a2200217 i 4500
001 179430
003 ES-MaACL
005 20250831094228.0
008 111125s2010 xxu |||| | eng d
020 _a978-1-937271-01-5
080 _a289.3
080 _a2-175
245 0 2 _aA proclamation to the government officials of the United States of America and to the Government officials of Canada /
_c[The FLDS Church].
260 _a[Hildale, Utah :
_bFundamentalist Church of Jesus Christ of Latter-day Saints,
_c2010]
300 _a17 p. ;
_c26 cm.
650 0 4 _aProfecías.
_916452
650 0 4 _aEscatología.
_912349
710 2 _aIglesia de Jesucristo de los Santos de los Últimos Días
_96949
852 _aES-MaACL
_j2290-F-21
999 _c179430
_d179430